Stick Out Your Tongue! - Statistics

General Stats
  • This quiz has been taken 8 times
  • The average score is 6 of 16
Answer Stats
Picture Answer % Correct
Albert Einstein
88%
Selena Gomez
75%
Avril Lavigne
63%
Gene Simmons
50%
Iggy Pop
50%
Mr Potato Head
50%
Prince William
50%
Zendaya
38%
LeBron James
25%
Megan Fox
25%
Reese Witherspoon
25%
Rita Ora
25%
Bjork
13%
Elle Fanning
13%
Zac Efron
13%
LL Cool J
0%
No matching quizzes found
Score Distribution
Percent of People with Each Score
Percentile by Number Answered
Your Score History
You have not taken this quiz